000 01656nam a22003497a 4500
005 20241118083223.0
008 241118t ||||| |||| 00| 0 spa d
020 _a9789585004047 (impreso)
020 _a9789585004054 (digital)
040 _aCO-BoUCM
_cDavid Moreno
_dDavid Moreno
041 _aspa
100 1 _aGarzón Ospina, Luz Alexandra
_9183782
245 1 4 _aLas mujeres de ningunaparte
_bVoces del asilo de locas de Bogotá, 1930-1950
_cLuz Alexandra Garzón Ospina
246 _aLas mujeres de ninguna parte
250 _a1a. Ed
260 _aBogotá, Colombia
_bEditorial Universidad del Rosario
_c2024
300 _a346 Paginas
_bilustraciones, disgramas y fotografias
504 _aIncluye referencias bibliográficas
650 1 4 _aAsilo de locas de Bogotá
_xAspectos sociologicos
_zBogotá, Colombia
_9183783
650 1 4 _aAsilo de locas de Bogotá
_xHistoria
_y1930-1950
_9183784
650 1 4 _aMujeres
_xSalud mental
_zBogotá, Colombia
_9183785
650 1 4 _aMujeres
_xAsistencia institucional
_zBogotá, Colombia
_9183786
650 1 4 _aPacientes hospitales psiquiatrico
_xReclusión
_ySiglo xx
_9183787
650 1 4 _aTranstornos mentales
_xEtnologia
_xAspectos sociales
_9183788
650 1 4 _aEmociones y sentimientos
_xIdentidad
_xSubjectividad
_9183789
650 1 4 _aRegistros medicos
_xArchivo (Registro)
_xAlienacion (Psicologia social)
_9183790
700 1 _aLopez Sanchez, Oliva
_eprólogo
_9183791
710 _aUniversidad del Rosario
_928209
710 _aUniversidad Nacional de Colombia
_93820
942 _2DEWEY
_a6
_cLIBRO
_e1
_h362.830874
_mG245m
_n0
999 _c325025
_d325025